<?xml version="1.0" encoding="UTF-8"?>
<record
    xmlns:xsi="http://www.w3.org/2001/XMLSchema-instance"
    xsi:schemaLocation="http://www.loc.gov/MARC21/slim http://www.loc.gov/standards/marcxml/schema/MARC21slim.xsd"
    xmlns="http://www.loc.gov/MARC21/slim">

  <leader>00334nam a22001457a 4500</leader>
  <controlfield tag="003">SGT</controlfield>
  <datafield tag="020" ind1=" " ind2=" ">
    <subfield code="a">0-19-569418-X</subfield>
  </datafield>
  <datafield tag="082" ind1=" " ind2=" ">
    <subfield code="a">403</subfield>
    <subfield code="b">O08O</subfield>
  </datafield>
  <datafield tag="100" ind1=" " ind2=" ">
    <subfield code="a">OXFORD</subfield>
  </datafield>
  <datafield tag="245" ind1=" " ind2=" ">
    <subfield code="a">OXFORD ENGLISH REFERENCE DICTIONARY</subfield>
  </datafield>
  <datafield tag="260" ind1=" " ind2=" ">
    <subfield code="a">LONDON</subfield>
    <subfield code="b">OXFORD UNIVERSITY PRESS</subfield>
    <subfield code="c">2008</subfield>
  </datafield>
  <datafield tag="300" ind1=" " ind2=" ">
    <subfield code="a">1765</subfield>
  </datafield>
  <datafield tag="650" ind1=" " ind2=" ">
    <subfield code="a">HOTEL MANAGEMENT</subfield>
  </datafield>
  <datafield tag="942" ind1=" " ind2=" ">
    <subfield code="2">ddc</subfield>
    <subfield code="c">BK</subfield>
  </datafield>
  <datafield tag="952" ind1=" " ind2=" ">
    <subfield code="0">0</subfield>
    <subfield code="1">0</subfield>
    <subfield code="2">ddc</subfield>
    <subfield code="4">0</subfield>
    <subfield code="7">1</subfield>
    <subfield code="8">HM</subfield>
    <subfield code="a">SSSL</subfield>
    <subfield code="b">SSSL</subfield>
    <subfield code="c">REF</subfield>
    <subfield code="d">2017-08-12</subfield>
    <subfield code="e">ABC PUB</subfield>
    <subfield code="g">2495.00</subfield>
    <subfield code="i">SGTU</subfield>
    <subfield code="o">403 O08O</subfield>
    <subfield code="p">HM758</subfield>
    <subfield code="r">2017-08-12 00:00:00</subfield>
    <subfield code="w">2016-11-29</subfield>
    <subfield code="y">BK</subfield>
    <subfield code="k">7477</subfield>
  </datafield>
  <datafield tag="952" ind1=" " ind2=" ">
    <subfield code="0">0</subfield>
    <subfield code="1">0</subfield>
    <subfield code="2">ddc</subfield>
    <subfield code="4">0</subfield>
    <subfield code="7">1</subfield>
    <subfield code="8">HM</subfield>
    <subfield code="a">SSSL</subfield>
    <subfield code="b">SSSL</subfield>
    <subfield code="c">REF</subfield>
    <subfield code="d">2017-08-12</subfield>
    <subfield code="e">ABC PUB</subfield>
    <subfield code="g">2495.00</subfield>
    <subfield code="i">SGTU</subfield>
    <subfield code="o">403 O08O</subfield>
    <subfield code="p">HM759</subfield>
    <subfield code="r">2017-08-12 00:00:00</subfield>
    <subfield code="w">2016-11-29</subfield>
    <subfield code="y">BK</subfield>
    <subfield code="k">7477</subfield>
  </datafield>
  <datafield tag="952" ind1=" " ind2=" ">
    <subfield code="0">0</subfield>
    <subfield code="1">0</subfield>
    <subfield code="2">ddc</subfield>
    <subfield code="4">0</subfield>
    <subfield code="7">1</subfield>
    <subfield code="8">HM</subfield>
    <subfield code="a">SSSL</subfield>
    <subfield code="b">SSSL</subfield>
    <subfield code="c">REF</subfield>
    <subfield code="d">2017-08-12</subfield>
    <subfield code="e">ABC PUB</subfield>
    <subfield code="g">2495.00</subfield>
    <subfield code="i">SGTU</subfield>
    <subfield code="o">403 O08O</subfield>
    <subfield code="p">HM760</subfield>
    <subfield code="r">2017-08-12 00:00:00</subfield>
    <subfield code="w">2016-11-29</subfield>
    <subfield code="y">BK</subfield>
    <subfield code="k">7477</subfield>
  </datafield>
  <datafield tag="952" ind1=" " ind2=" ">
    <subfield code="0">0</subfield>
    <subfield code="1">0</subfield>
    <subfield code="2">ddc</subfield>
    <subfield code="4">0</subfield>
    <subfield code="7">1</subfield>
    <subfield code="8">HM</subfield>
    <subfield code="a">SSSL</subfield>
    <subfield code="b">SSSL</subfield>
    <subfield code="c">REF</subfield>
    <subfield code="d">2017-08-12</subfield>
    <subfield code="e">ABC PUB</subfield>
    <subfield code="g">2495.00</subfield>
    <subfield code="i">SGTU</subfield>
    <subfield code="o">403 O08O</subfield>
    <subfield code="p">HM761</subfield>
    <subfield code="r">2017-08-12 00:00:00</subfield>
    <subfield code="w">2016-11-29</subfield>
    <subfield code="y">BK</subfield>
    <subfield code="k">7477</subfield>
  </datafield>
  <datafield tag="952" ind1=" " ind2=" ">
    <subfield code="0">0</subfield>
    <subfield code="1">0</subfield>
    <subfield code="2">ddc</subfield>
    <subfield code="4">0</subfield>
    <subfield code="7">1</subfield>
    <subfield code="8">HM</subfield>
    <subfield code="a">SSSL</subfield>
    <subfield code="b">SSSL</subfield>
    <subfield code="c">REF</subfield>
    <subfield code="d">2017-08-12</subfield>
    <subfield code="e">ABC PUB</subfield>
    <subfield code="g">2495.00</subfield>
    <subfield code="i">SGTU</subfield>
    <subfield code="o">403 O08O</subfield>
    <subfield code="p">HM762</subfield>
    <subfield code="r">2017-08-12 00:00:00</subfield>
    <subfield code="w">2016-11-29</subfield>
    <subfield code="y">BK</subfield>
    <subfield code="k">7477</subfield>
  </datafield>
  <datafield tag="999" ind1=" " ind2=" ">
    <subfield code="c">12977</subfield>
    <subfield code="d">12977</subfield>
  </datafield>
</record>
